000
00291nam a22001337a 4500
008
180129b xxu||||| |||| 00| 0 eng d
020
_a
677093001
041
_a
eng
080
_a
330
100
_a
52
101
_a
EKO
245
_a
Keyne's Monetary Theory
_c
Meltzer, A.H
942
_2
udc
_c
BK
999
_c
41200
_d
41200